| 000 | 00832nam a22002417a 4500 | ||
|---|---|---|---|
| 003 | OSt | ||
| 005 | 20260522144555.0 | ||
| 008 | 260220b ||||| |||| 00| 0 eng d | ||
| 040 | _cBCRI | ||
| 082 | _a613.2 | ||
| 100 |
_950202 _aKaufer-Horwitz, Martha |
||
| 245 | 1 | 0 |
_aNutriología médica _cMartha Kaufer-Horwitz, Ana Bertha Pérez-Lizaur, Victoria Eugenia Ramos Barragán, Luis Miguel Gutiérrez Robledo |
| 250 | _a5ª ed | ||
| 260 |
_aCuidad de México _bEditorial Médica Panamericana _c2023 |
||
| 300 |
_aXVIII, 1054 p. _bil. _c28 cm. |
||
| 500 | _aÍndice analítico en p. 1037 | ||
| 650 | 0 |
_92745 _aNutrición |
|
| 650 | 0 |
_923508 _aDietética |
|
| 700 |
_950203 _aPérez-Lizaur, Ana Bertha |
||
| 700 |
_950204 _aRamos Barragán, Victoria Eugenia |
||
| 700 |
_950205 _aGutiérrez Robledo, Luis Miguel |
||
| 942 |
_2ddc _cBK |
||
| 999 |
_c36495 _d36495 |
||